000 00384 a2200145 4500
001 168697
020 _a
040 _cMagnum
100 _aAgencia Regional de Noticias
240 1 0 _aClipping em educacao - 16/10/00 a 22/10/00 - ano ii - nº 61
_lpor
245 1 0 _aClipping em educacao - 16/10/00 a 22/10/00 - ano ii - nº 61
362 0 _a1899
697 _aENSINO
942 _cBK
999 _c168697
_d168697